Finish the Movie Title XI Quiz Stats

 Plays Quiz Updated Aug 12, 2019

Score 0/40 Timer 05:00
11 Plays Today
Start of Title Last Word % Correct
Charlie and the Chocolate...Factory
99.3%
A Star Is...Born
98.9%
Fifty Shades of...Grey
98.4%
Guardians of the...Galaxy
96.9%
My Big Fat Greek...Wedding
96.7%
Fantastic Beasts and Where to Find...Them
94.2%
Eyes Wide...Shut
90.2%
V for...Vendetta
88.6%
The Usual...Suspects
87.1%
The Shape of...Water
86.9%
The Land Before...Time
86.7%
Ready Player...One
86.5%
Beverly Hills...Cop
86.2%
Dallas Buyers...Club
85.3%
Eat Pray...Love
84%
The Hunt for Red...October
83.3%
Dial M for...Murder
83.2%
Anger...Management
83.1%
Three Men and a...Baby
82.4%
The Hateful...Eight
82.1%
Start of Title Last Word % Correct
Heaven Can...Wait
81.7%
Coyote...Ugly
78.5%
The Mountain Between...Us
76.7%
A Bridge Too...Far
76.3%
Interview with the...Vampire
74.9%
Mr. Popper's...Penguins
72.4%
Escape from...Alcatraz
70%
The Cider House...Rules
68.4%
3:10 to...Yuma
66.8%
Mr. Magorium's Wonder...Emporium
66.5%
Edge of...Tomorrow
66.3%
The Great Mouse...Detective
65.7%
The Book of...Eli
64.2%
The Long Kiss...Goodnight
61.1%
Revenge of the...Nerds
59.1%
Mr. Holland's...Opus
54.7%
Joe Versus the...Volcano
53.9%
The Remains of the...Day
52.8%
The Year of Living...Dangerously
43.3%
The Sisters...Brothers
13.9%

You're not logged in!

Compare scores with friends on all Sporcle quizzes.
OR
Log In

Sporcle TV

Today on Sporcle TV


Watch our educational content, quiz creation guides, and fun videos on Sporcle TV.

Show Comments

Extras

Top Quizzes Today


Score Distribution

Your Account Isn't Verified!

In order to create a playlist on Sporcle, you need to verify the email address you used during registration. Go to your Sporcle Settings to finish the process.

Report this User

Report this user for behavior that violates our Community Guidelines.

Details: